000
00224nam a22000857a 4500
008
160914b xxu||||| |||| 00| 0 eng d
100
_9
441
_a
Sarna. V.K
245
_a
See Mathematics- IX
260
_a
New Delhi
_b
A.P Publications
_c
2011
999
_c
3100
_d
3100